[Event "Lima Santisimo Nombre de Jesus 6"]
[Site "Lima"]
[Date "2013.11.23"]
[Round "7"]
[White "Mieses, Bruce"]
[Black "Cosme Contreras, Trilce"]
[Result "1-0"]
[WhiteElo "1877"]
[BlackElo "1619"]
[PlyCount "92"]
[EventDate "2013.11.18"]
[EventType "swiss"]
[EventRounds "8"]
[EventCountry "PER"]
[SourceTitle "EXT 2024"]
[Source "ChessBase"]
[SourceDate "2023.10.10"]
[SourceVersion "1"]
[SourceVersionDate "2023.10.10"]
[SourceQuality "1"]

1. d4 Nf6 2. c4 g6 3. Nc3 Bg7 4. g3 0-0 5. Bg2 c6 6. e3 d5 7. Qb3 e6 8. Nf3 Nbd7 9. 0-0 Qc7 10. Bd2 Nb6 11. Ne5 dxc4 12. Nxc4 Nxc4 13. Qxc4 Rd8 14. Rfc1 Qe7 15. Ne2 e5 16. Bb4 Qe6 17. Qc2 h5 18. Ba5 Re8 19. Bc3 Nd5 20. e4 Nxc3 21. bxc3 Qd6 22. Rd1 Be6 23. f4 exf4 24. gxf4 Bg4 25. Rf1 c5 26. e5 Qa6 27. Ng3 cxd4 28. cxd4 Rac8 29. Qb2 b6 30. h3 Bd7 31. f5 Qd3 32. Rf3 Qc2 33. Qa3 h4 34. fxg6 fxg6 35. Ne4 Rc7 36. Nd6 Rd8 37. Rf2 Qc3 38. Bd5+ Kh7 39. Qxc3 Rxc3 40. Ne4 Rd3 41. Ng5+ Kh6 42. Nf7+ Kh7 43. Nxd8 Rxd4 44. Bf3 Bxh3 45. Rd1 Rxd1+ 46. Bxd1 Bxe5 1-0

[Event "Lima Morales Memorial op 3rd"]
[Site "Lima"]
[Date "2013.??.??"]
[Round "4"]
[White "Mieses, Bruce"]
[Black "Mamani, Ulises"]
[Result "0-1"]
[WhiteElo "1821"]
[BlackElo "2141"]
[PlyCount "88"]
[EventDate "2013.02.02"]
[EventType "swiss"]
[EventRounds "11"]
[EventCountry "PER"]
[SourceTitle "CBM 153 Extra"]
[Source "ChessBase"]
[SourceDate "2013.04.22"]
[SourceVersion "1"]
[SourceVersionDate "2013.04.22"]
[SourceQuality "1"]

1. d4 d5 2. c4 c6 3. Nc3 Nf6 4. Bf4 g6 5. Nf3 Bg7 6. e3 0-0 7. Bd3 c5 8. 0-0 cxd4 9. exd4 Nc6 10. h3 b6 11. Rc1 Bb7 12. Qd2 Nb4 13. cxd5 Nxd3 14. Qxd3 Nxd5 15. Be5 Rc8 16. Bxg7 Kxg7 17. Rfd1 Qd6 18. Nxd5 Bxd5 19. Rxc8 Rxc8 20. b3 Qf4 21. Qd2 Qf5 22. Ne1 Qe4 23. Qe3 a5 24. Qxe4 Bxe4 25. f3 Bd5 26. Kf2 b5 27. Ke3 a4 28. bxa4 bxa4 29. Rd2 Rc3+ 30. Rd3 Rxd3+ 31. Kxd3 Bxa2 32. Kc3 Kf6 33. Nd3 Bb1 34. Nc5 a3 35. Kb3 a2 36. Kb2 h5 37. Nb3 Kg5 38. Nc1 Kf4 39. Nb3 Kg3 40. Na5 Kxg2 41. Nc6 e6 42. Nd8 Kxh3 43. Nxf7 Kg3 44. Ng5 Bf5 0-1